Les défenseurs en 2023 (football/photo) - Statistiques

Statistiques générales
  • Ce quiz a été pris 202 fois
  • Le résultat moyen est 28 sur 30
Statistiques - réponses
Par images Réponse % Correct
Achraf Hakimi
100%
Antonio Rüdiger
99%
Jules Koundé
99%
Raphaël Varane
99%
Sergio Ramos
99%
Théo Hernandez
99%
Kyle Walker
98%
Thiago Silva
98%
Trent Alexander-Arnold
98%
Virgil van Dijk
98%
David Alaba
96%
Joào Cancelo
96%
Marquinhos
96%
Ronald Araujo
96%
Alphonso Davies
95%
Dani Carvajal
95%
Dayot Upamecano
95%
Ruben Dias
95%
Aymeric Laporte
94%
Milan Skrinniar
94%
Nuno Mendes
94%
Jordi Alba
93%
Leonardo Bonucci
93%
William Saliba
93%
Ibrahima Konaté
92%
Mats Hummels
91%
John Stones
89%
Matthijs de Ligt
89%
Kieran Trippier
88%
Stefan Savic
75%
Aucun quiz correspondant
Distribution des résultats
% des personnes avec chaque résultat
Percentile par nombre de réponses
Votre historique - résultats
Vous n’avez pas pris ce quiz